|
|
|
|
| LEADER |
00000nam0a2200000 4500 |
| 001 |
128269 |
| 005 |
20231031132646.0 |
| 035 |
|
|
|a (RuTPU)RU\TPU\book\138741
|
| 090 |
|
|
|a 128269
|
| 100 |
|
|
|a 20071225d1978 m y0rusy50 ca
|
| 101 |
1 |
|
|a rus
|c eng
|
| 102 |
|
|
|a RU
|
| 105 |
|
|
|a y z 000ay
|
| 200 |
1 |
|
|a Дом, из рассвета сотворенный
|e Роман. Пер. с англ.
|f Н. С. Момадей
|g авт. предисл. А. Ващенко
|
| 210 |
|
|
|a Москва
|c Прогресс
|d 1978
|
| 215 |
|
|
|a 182 с.
|
| 333 |
|
|
|a Исключено из фонда НТБ ТПУ
|
| 675 |
|
|
|a 82
|v 3
|
| 700 |
|
1 |
|a Момадей
|b Н. С.
|g Н. Скотт
|
| 702 |
|
1 |
|a Ващенко
|b А.
|4 080
|
| 801 |
|
1 |
|a RU
|b 63413507
|c 20071225
|g PSBO
|
| 801 |
|
2 |
|a RU
|b 63413507
|c 20211221
|g RCR
|
| 942 |
|
|
|c BK
|